| 000 | 01243nam a22003254a 4500 | ||
|---|---|---|---|
| 001 | ebr10157926 | ||
| 003 | CaPaEBR | ||
| 006 | m u | ||
| 007 | cr cn||||||||| | ||
| 008 | 050518s2006 enka sb 001 0 eng | ||
| 010 | _z 2005014283 | ||
| 020 | _z1845930266 (alk. paper) | ||
| 020 | _z9781845930264 | ||
| 040 |
_aCaPaEBR _cCaPaEBR |
||
| 035 | _a(OCoLC)67838394 | ||
| 050 | 1 | 4 |
_aRC121.A8 _bT69 2006eb |
| 082 | 0 | 4 |
_a616.9/59 _222 |
| 245 | 0 | 0 |
_aToxocara _h[electronic resource] : _bthe enigmatic parasite / _cedited by Celia V. Holland and Huw V. Smith. |
| 260 |
_aWallingford, UK ; _aCambridge, MA : _bCABI Pub., _cc2006. |
||
| 300 |
_axi, 301 p. : _bill. |
||
| 504 | _aIncludes bibliographical references and index. | ||
| 533 |
_aElectronic reproduction. _bPalo Alto, Calif. : _cebrary, _d2013. _nAvailable via World Wide Web. _nAccess may be limited to ebrary affiliated libraries. |
||
| 650 | 0 | _aLarva migrans, Visceral. | |
| 650 | 0 | _aToxocara. | |
| 655 | 7 |
_aElectronic books. _2local |
|
| 700 | 1 | _aHolland, Celia. | |
| 700 | 1 |
_aSmith, H. V. _q(Huw V.) |
|
| 710 | 2 | _aebrary, Inc. | |
| 856 | 4 | 0 |
_uhttp://site.ebrary.com/lib/rucke/Doc?id=10157926 _zAn electronic book accessible through the World Wide Web; click to view |
| 999 |
_c201949 _d201949 |
||